Anime Movies Quiz Stats

 Plays Quiz not verified by Sporcle

Challenge
Share
Tweet
Embed
Score 0/21 Timer 20:00
0 Plays Today
Hint Answer % Correct
2004/GhibliHowl's Moving Castle
68.8%
2009/MadhouseSummer Wars
43.8%
1986/GhibliCastle in the Sky
40.6%
2012/Studio ChizuWolf Children
37.5%
2006/Madhouse StudiosThe Girl who Leapt Through Time
34.4%
1988/Tokyo Movie ShinshaAkira
31.3%
2005/Square EnixFinal Fantasy VII
21.9%
2002/GhibliThe Cat Returns
21.9%
Bonus! had over 9 moviesDragonball Z
21.9%
2007-2009/ufotableGarden of Sinners
15.6%
2009/MadhouseRedline
12.5%
Hint Answer % Correct
2010/GhibliThe Secret World of Arriety
12.5%
2007/Toei AnimationClannad
9.4%
2005/Toei AnimationAir
6.3%
2010/MadhouseTrigun: Badlands Rumble
6.3%
2012/Studio 4CBerserk
3.1%
2011/AIC A.S.T.A.Heaven's Lost Property The Angeloid of Clockwork
3.1%
2004/Oreintal light and magicBlade of the Phantom Master
3.1%
2010/SunriseColorful
3.1%
1979/kobayashiLupin III: Castle of Cagliostro
3.1%
2007/GAINAXNeon Genesis Evangelion You Are Not Alone
3.1%

You're not logged in!

Compare scores with friends on all Sporcle quizzes.
Join for Free
OR
Log In

You Might Also Like...

Show Comments

Extras

Top Quizzes Today


Score Distribution

Your Account Isn't Verified!

In order to create a playlist on Sporcle, you need to verify the email address you used during registration. Go to your Sporcle Settings to finish the process.

Report this User

Report this user for behavior that violates our Community Guidelines.

Details: